=LDR 00000nam 2200000 4500 =001 INLIS000000000041993 =005 20130612151508 =008 ***********************************ind** =035 ##$$0010-061300000041993 =041 ##$$a ind =082 ##$$a 612.171 =090 ##$$a 612.171, Har k =100 ##$$a Harry Kurniawan Gondo =245 ##$$a Kardiotokografi mengerti dan memahami pemantauan denyut jantung janin, Dr harry kurniawan gondo, Dr tjokorda gde agung sewardewa;Editor, Dr joko suyono =260 ##$$a 2010 $b Jakarta =300 ##$$a Ix,133 hlm., 21 cm =650 ##$$a DENYUT JANTUNG =700 ##$$a Cokorda Gde Agung Suwardewa =850 ##$$a NBPNMAT =990 ##$$a 0001/BPAP-NTB/2016 =990 ##$$a 0001/BPAP-NTB/2016